000 00621nam a22001937a 4500
005 20141010122744.0
010 _aENG-110939
020 _a9788120349858
_c495.00
035 _aEN-94471
037 _bDBAD/PUB
082 _a519.5
100 _aJani, P.N.
245 _aBusiness statistics :
_cby P.N. Jani
_btheory and applications /
260 _aNew Delhi
_bPHI Learning
_c2014
270 _aRimjhim House, 111, Patparganj Industrial Estate
_bNew Delhi
_e110092
300 _axiv,610p. :
_c24cm(pbk)
_bill.
500 _aIncludes bibliographical references and index
942 _2ddc
_cEN
_mJAN
_h519.5
999 _c88957
_d88957